Encarcelamiento preventivo y estándares del sistema interamericano /

Guardado en:
Autor Principal: Bovino, Alberto
Otros Autores: Bigliani, Paola, Martínez, Stella Maris, (prol.)
Formato: Libro
Idioma:Spanish
Publicado: Ciudad Autónoma de Buenos Aires : Del Puerto, 2008.
Edición:1a. ed.
Series:Cuadernos de Litigio
Materias:
Etiquetas: Agregar Etiqueta
Sin Etiquetas, Sea el primero en etiquetar este registro!
LEADER 00710nam a22002055a 4500
001 DER.der009755
008 180615s2008####ag#||||||||||||||#||spa||
005 20250306125107.0
245 1 0 |a Encarcelamiento preventivo y estándares del sistema interamericano /  |c Paola Bigliani, Alberto Bovino. 
250 |a 1a. ed. 
260 |a Ciudad Autónoma de Buenos Aires :  |b Del Puerto,  |c 2008. 
300 |a 174 p. 
490 1 |a Cuadernos de Litigio 
020 |a 9789871397211 
100 1 |a Bovino, Alberto 
700 1 |a Bigliani, Paola 
700 1 |a Martínez, Stella Maris,  |e prol. 
650 7 |a DERECHO PROCESAL PENAL 
859 |a DERECHO  |b BIB. DERECHO  |h 345.05  |i BIG  |p 006350 
859 |a DERECHO  |b BIB. DERECHO  |h 345.05  |i BIG  |p 009341  |t 1